MARC

LEADER 00000nam0a2200000 4500
001 333269
005 20231102004535.0
035 |a (RuTPU)RU\TPU\book\359264 
090 |a 333269 
100 |a 20170608d1963 km y0rusy50 ca 
101 0 |a rus 
102 |a RU 
105 |a a z 001zy 
200 1 |a Системы автоматизации станков  |f В. А. Барун, А. А. Будинский 
210 |a Москва  |a Ленинград  |c Машгиз  |d 1963 
215 |a 431 с.  |c ил. 
320 |a Библиогр.: с. 424-425 
606 1 |a Металлорежущие станки  |x Автоматизация  |x Экономическая эффективность  |2 stltpush  |3 (RuTPU)RU\TPU\subj\42572  |9 62231 
610 1 |a токарные станки 
610 1 |a токарно-револьверные станки 
610 1 |a фрезерные станки 
610 1 |a агрегатные станки 
610 1 |a сверлильные станки 
610 1 |a системы автоматического управления 
610 1 |a программное управление 
610 1 |a проектирование 
675 |a 621.9.067-52  |v 4 
700 1 |a Барун  |b В. А.  |g Владимир Абрамович 
701 1 |a Будинский  |b А. А.  |g Арон Абрамович 
801 1 |a RU  |b 63413507  |c 20170608 
801 2 |a RU  |b 63413507  |c 20220506  |g RCR 
942 |c BK